02041agaaa2200313 45000010005000000030009000050050017000140070009000310080040000400400023000800410013001031000050001161300012001662400021001782450175001992460014003742500022003882600099004103000034005095080161005435110088007045200667007925380016014595460013014756500058014887000058015467000061016047000062016651603IT-RoPAU20220918181223.0d cvaizq50131s9999||||xx ||| | || ||und|| aIT-RoPAUcIT-RoPAU aITALIANO aTarkovskij AndrejgCodice regista SPICS: 1652 aSOLARIS aSOLIJARISgT1248 aSOLARIScProdotto da: Torasov Vjaceslav -- Sceneggiatura: Tarkovskij Andrej Gorenstein F. -- Diretto da: Tarkovskij AndrejpSOLARIS (Rif. Codice opera principale : 21603) aSOLIJARIS aEdizione Standard a(URSS)bMOSFILM / Distribuzione: MASTER VIDEOg"1972 (1° ed.: 2002 ; Ed. Lingua Orig.: 1972)" aVHSbsonoro, col.c115 minuti a"Fotografia: Jusov Vadim; Montaggio: Fejghinova L.; Musica: Artemjev Eduard; Sceneggiatura: Tarkovskij Andrej Gorenstein F.; Scenografia: Romadin Mikhail; " a"Bondarciuk Natalia; Babionis Donatas; Jarvet Jurij; Solonicyn Anatolij; Grinko N." aRAPPORTO SCIENZA-VITA UOMO-E-LA-CONQUISTA-DELLO-SPAZIO MORALE-E-PROGRESSO-TECNOLOGICO VALORE-DEL-PENSIERO-SCIENTIFICO PRIMATO-DELL'AMORE-SUL-SAPERE QUESTO-FILM-HA-RICEVUTO-IL-GRAN-PREMIO-DELLA-GIURIA-AL-FESTIVAL-DI-CANNES-1972 KRIS-KELVIN-INCARICATO-DI-DISTRUGGERE-SOLARIS-UNA-STAZIONE-SPAZIALE-DOVE-AVVENGONO-ESPERIMENTI-PRODIGIOSI-ASSISTE-ALLA-RIGENERAZIONE-DI-ESSERI-UMANI-DEFUNTI SONO-COPIE-DI-PERSONE-GIA'-ESISTITE-MA-LA-LORO-MATERIALIZZAZIONE-MEDIANTE-NEUTRONI-HA-TOLTO-LORO-LA-CAPACITA'-DI-AMARE-E-SOFFRIRE KRIS-RIVIVE-COME-IN-UN-SOGNO-E-NEL-RICORDO-NOSTALGICO-LE-ESPERIENZE-TRASCORSE-SULLA-TERRA-ALLA-QUALE-RITORNA-DOPO-LA-TERRIBILE-ESPERIENZA-SU-SOLARIS aPAL, STEREO aITALIANO aFANTASCIENZAeFILMS [VHS]xCodice MATERIA SPICS: 9960 aArtemjev Eduarde(musica)gCodice Musica SPICS: 22987 aLem Stanislaw e(soggetto)gCodice Soggetto SPICS: 20101 aTarkovskij Andrej e(regista)gCodice regista SPICS: 1652